[Event "Tournoi Skype 029B"]
[Site "Skype"]
[Date "????.??.??"]
[Round "9.27"]
[White "Gomez Caballero, Blas"]
[Black "Abdulrazzaq, Mohsen"]
[Result "0-1"]
[WhiteElo "1081"]
[BlackElo "1249"]
[PlyCount "94"]

1. e4 c5 2. Bc4 g6 3. d4 cxd4 4. Qxd4 Nf6 5. e5 Nc6 6. Qc3 Nh5 7. Qb3 e6 8. Nf3
Bg7 9. Bg5 Qc7 10. Qe3 Nxe5 11. Nxe5 Bxe5 12. Nc3 O-O 13. g3 Ng7 14. O-O-O a6
15. Rhe1 Bxc3 16. Qxc3 b5 17. Bb3 Qxc3 18. bxc3 f6 19. Bh6 d5 20. a3 Re8 21. a4
Nf5 22. Bf4 Bb7 23. a5 e5 24. Bd2 Kg7 25. f3 d4 26. c4 Bxf3 27. cxb5 axb5 28.
Kb2 Bxd1 29. Rxd1 Reb8 30. Ka3 e4 31. c3 Rxa5+ 32. Kb2 e3 33. Bxe3 dxe3 34.
Rd7+ Kh6 35. Bd1 Re8 36. Be2 Re7 37. Rd5 Re5 38. Rd3 b4 39. cxb4 Reb5 40. Kb3
Rb8 41. g4 Ne7 42. Rxe3 Re5 43. Rxe5 fxe5 44. Kc4 Rc8+ 45. Kd3 Nd5 46. b5 g5
47. Ke4 Nc3+ 0-1

[Event "Tournoi Skype 029B"]
[Site "Skype"]
[Date "????.??.??"]
[Round "9.28"]
[White "Dos Reis Cabrera, Jose Manuel"]
[Black "Moraga Vasquez, Michael"]
[Result "1/2-1/2"]
[WhiteElo "1202"]
[BlackElo "1008"]
[PlyCount "50"]

1. d4 Nf6 2. Bf4 g6 3. e3 Bg7 4. Be2 d6 5. Nf3 Nbd7 6. c3 O-O 7. Nbd2 Re8 8.
O-O e5 9. dxe5 dxe5 10. Bg5 h6 11. Bh4 b6 12. Nc4 Bb7 13. Qc2 g5 14. Bg3 Ne4
15. Rad1 Nxg3 16. hxg3 Qe7 17. Nh2 Rad8 18. g4 Nf8 19. e4 Ng6 20. Ne3 Rxd1 21.
Rxd1 Rd8 22. Nf5 Rxd1+ 23. Bxd1 Qe6 24. Nxg7 Kxg7 25. Nf1 Nf4 1/2-1/2

[Event "Tournoi Skype 029B"]
[Site "Skype"]
[Date "????.??.??"]
[Round "9.29"]
[White "Chavez Cruz, Isidro"]
[Black "Quiel, Aristoteles"]
[Result "1-0"]
[WhiteElo "1190"]
[BlackElo "1066"]
[PlyCount "77"]

1. e4 e5 2. Nf3 Nc6 3. d4 exd4 4. Nxd4 Nxd4 5. Qxd4 d6 6. c4 c5 7. Qd3 Nf6 8.
Nc3 h6 9. Be2 Be7 10. Bf4 O-O 11. O-O Bd7 12. Rad1 g5 13. Bxd6 Bxd6 14. Qxd6
Qc8 15. e5 Bg4 16. Qxf6 Bxe2 17. Nxe2 Qe6 18. Ng3 Qxf6 19. exf6 Kh7 20. Nf5 Kg6
21. g4 Rad8 22. f3 h5 23. Rd5 Kxf6 24. Rxc5 Rd2 25. Rf2 Rfd8 26. Rb5 Rd1+ 27.
Kg2 Rc1 28. c5 Rdd1 29. Ng3 Rg1+ 30. Kh3 h4 31. Ne2 Rgf1 32. Rxf1 Rxf1 33. Kg2
Re1 34. Kf2 Rh1 35. Kg2 Re1 36. Ng1 h3+ 37. Nxh3 Re2+ 38. Nf2 Rxb2 39. Rxb2 1-0

[Event "Tournoi Skype 029B"]
[Site "Skype"]
[Date "????.??.??"]
[Round "9.30"]
[White "Herrera, Oscar"]
[Black "Llabres, Sergio"]
[Result "1/2-1/2"]
[WhiteElo "1000"]
[BlackElo "1187"]
[PlyCount "49"]

1. e4 c6 2. d4 d5 3. exd5 cxd5 4. Nf3 Bf5 5. Nc3 a6 6. a3 e6 7. Bd3 Bxd3 8.
Qxd3 Nf6 9. O-O Be7 10. h3 Nbd7 11. Re1 O-O 12. b4 Rc8 13. Bf4 Nh5 14. Be5 Bf6
15. Rad1 Bxe5 16. Nxe5 Nf4 17. Qg3 Nxe5 18. Rxe5 Ng6 19. Re3 Ne7 20. Qg4 Nf5
21. Rf3 Nh4 22. Rg3 Nf5 23. Rf3 Nh6 24. Qf4 Nf5 25. Qg4 1/2-1/2

[Event "Tournoi Skype 029B"]
[Site "Skype"]
[Date "????.??.??"]
[Round "9.33"]
[White "Talwalkar, Omkar Sameer"]
[Black "Linares Vernet, Ana"]
[Result "1-0"]
[WhiteElo "1000"]
[BlackElo "1171"]
[PlyCount "123"]

1. e4 d6 2. d4 c6 3. Nf3 Bg4 4. Be2 d5 5. exd5 cxd5 6. Nc3 Nf6 7. Bf4 e6 8. O-O
Bd6 9. Ne5 Bf5 10. Nb5 Be7 11. Ng4 O-O 12. Nc7 Nbd7 13. Nxa8 Qxa8 14. Re1 Re8
15. Ne5 Qc8 16. Bd3 Bxd3 17. Qxd3 a6 18. Rac1 Nh5 19. Bd2 Bd6 20. Nf3 Bf4 21.
Bxf4 Nxf4 22. Qe3 Ng6 23. Ne5 Ndxe5 24. dxe5 Qa8 25. c4 dxc4 26. Rxc4 Ne7 27.
Rd1 Nd5 28. Qd3 b5 29. Rh4 h6 30. Qg3 Kh7 31. Rdd4 Rg8 32. Rdg4 Ne7 33. Rh3 Qc8
34. Qc3 Qxc3 35. Rxc3 Rd8 36. Kf1 Rc8 37. Rxc8 Nxc8 38. Ke2 Nb6 39. b3 g5 40.
Kd3 Kg6 41. Kd4 Nd7 42. Rg3 f6 43. exf6 Kxf6 44. Rf3+ Kg6 45. Rc3 e5+ 46. Kd5
Kf5 47. Rf3+ Kg6 48. Kd6 e4 49. Kxd7 exf3 50. gxf3 Kf6 51. Kc6 Ke5 52. a4 bxa4
53. bxa4 a5 54. Kb6 Kf4 55. Kxa5 Kxf3 56. Kb6 Kxf2 57. a5 Kg2 58. a6 g4 59. a7
Kxh2 60. a8=Q h5 61. Qh8 h4 62. Qxh4+ 1-0

[Event "Tournoi Skype 029B"]
[Site "Skype"]
[Date "????.??.??"]
[Round "9.34"]
[White "Gomez Zuluaga, Jorge Adiel"]
[Black "San Isidoro, Josep"]
[Result "*"]
[WhiteElo "1036"]
[BlackElo "1405"]
[PlyCount "114"]

1. e4 e6 2. c4 d5 3. e5 c5 4. Nf3 g6 5. d4 cxd4 6. Nxd4 Bg7 7. Nf3 Ne7 8. cxd5
Qxd5 9. Qxd5 Nxd5 10. Bc4 Nc6 11. Bxd5 exd5 12. Bf4 Be6 13. O-O O-O 14. Nbd2
Rad8 15. Nb3 b6 16. Rad1 Rd7 17. Nfd4 Nxd4 18. Nxd4 Rc8 19. Rd2 a6 20. Nxe6
fxe6 21. h4 Rdc7 22. Re2 Kf7 23. g4 Rc4 24. Bg3 Rxg4 25. Kg2 Rgc4 26. f4 Rc2
27. Rff2 R2c5 28. Kf3 b5 29. a3 a5 30. Kg4 h6 31. h5 b4 32. axb4 axb4 33. hxg6+
Kxg6 34. b3 Rc3 35. Rb2 h5+ 36. Kh3 Kf5 37. Kh4 d4 38. Rfd2 d3 39. Bh2 Rc2 40.
Bg3 Rxb2 41. Rxb2 Rc2 42. Rb1 d2 43. Rd1 Ke4 44. Re1+ dxe1=Q 45. Bxe1 Kxf4 46.
Bg3+ Kf5 47. Kxh5 Bxe5 48. Be1 Rh2+ 49. Bh4 Bg3 50. Kh6 Rxh4+ 51. Kg7 Re4 52.
Kf7 Rd4 53. Ke7 e5 54. Kf7 Rd7+ 55. Ke8 Ke6 56. Kf8 Ra7 57. Ke8 Ra8# *

[Event "Tournoi Skype 029B"]
[Site "Skype"]
[Date "????.??.??"]
[Round "9.35"]
[White "Vincent, Andre"]
[Black "Bland, Marilyn"]
[Result "1-0"]
[WhiteElo "1377"]
[BlackElo "1065"]
[PlyCount "81"]

1. Nf3 d6 2. d4 Nf6 3. e3 g6 4. c4 e6 5. Nc3 a6 6. Bd3 Bg7 7. O-O O-O 8. Qc2
Nc6 9. a3 Bd7 10. e4 Nb4 11. axb4 Qe7 12. Re1 e5 13. d5 Bg4 14. Nd2 b6 15. f3
Bd7 16. b3 c6 17. Nf1 cxd5 18. exd5 a5 19. bxa5 Rxa5 20. Rxa5 bxa5 21. Bg5 h6
22. Be3 Bf5 23. Bxf5 gxf5 24. Qxf5 Ra8 25. Na4 Rb8 26. Nd2 Nd7 27. c5 Nxc5 28.
Bxc5 Rb5 29. Qc8+ Qf8 30. Qxf8+ Kxf8 31. Bxd6+ Kg8 32. Nc3 e4 33. Nxb5 exf3 34.
Re8+ Kh7 35. Nxf3 f5 36. Ne5 Bxe5 37. Bxe5 Kg6 38. Nd4 h5 39. h4 Kf7 40. Re6
Kg8 41. d6 1-0

[Event "Tournoi Skype 029B"]
[Site "Skype"]
[Date "????.??.??"]
[Round "9.36"]
[White "Vervoort, Jean-Louis"]
[Black "Hernandez Lopez, Joaquin"]
[Result "1-0"]
[WhiteElo "1273"]
[BlackElo "1046"]
[PlyCount "25"]

1. d4 d5 2. Bf4 Be6 3. e3 c6 4. c3 Bf5 5. Nd2 Nf6 6. Ngf3 h6 7. Ne5 g6 8. Ndf3
Bg7 9. Bd3 Ne4 10. Bxe4 Bxe4 11. O-O Nd7 12. Nd2 Bd3 13. Nxd3 1-0

[Event "Tournoi Skype 029B"]
[Site "Skype"]
[Date "????.??.??"]
[Round "9.38"]
[White "Yanez, Leticia Jorgelina"]
[Black "Mendoza Lainez, Ricardo Jose"]
[Result "1/2-1/2"]
[WhiteElo "1051"]
[BlackElo "1137"]
[PlyCount "46"]

1. e4 e6 2. d4 Nf6 3. Nc3 Nc6 4. Nf3 d6 5. Be2 Bd7 6. O-O Qe7 7. Be3 O-O-O 8.
b4 d5 9. b5 Nb8 10. a4 a6 11. Ne5 h5 12. b6 cxb6 13. Qb1 b5 14. axb5 Qb4 15.
Qe1 Bxb5 16. Nxb5 Nc6 17. Nxc6 bxc6 18. Na7+ Kd7 19. Nxc6 Qd6 20. Ne5+ Ke8 21.
Bxa6 Be7 22. Bb5+ Kf8 23. Nd7+ Nxd7 1/2-1/2

[Event "Tournoi Skype 029B"]
[Site "Skype"]
[Date "????.??.??"]
[Round "9.39"]
[White "Mira Poveda, Jose Antonio"]
[Black "Latterra, Jeremias"]
[Result "1-0"]
[WhiteElo "1021"]
[BlackElo "1114"]
[PlyCount "75"]

1. e4 c5 2. Nc3 Nf6 3. Bc4 Nc6 4. Nf3 Nxe4 5. Nxe4 d5 6. Nxc5 dxc4 7. O-O e6 8.
Ne4 Be7 9. d4 cxd3 10. cxd3 Nd4 11. Qa4+ Qd7 12. Qxd4 Qxd4 13. Nxd4 Bd7 14. Bf4
f5 15. Ng5 Bc5 16. Ndxe6 Bxe6 17. Nxe6 Rc8 18. Nxc5 Rxc5 19. Rac1 b6 20. Rfe1+
Kf7 21. h3 Re8 22. Red1 h6 23. d4 Rd5 24. Rc7+ Re7 25. Rdc1 Rxd4 26. Rxe7+ Kxe7
27. Re1+ Kf7 28. Be5 Rd7 29. Bb8 Re7 30. Rxe7+ Kxe7 31. Bxa7 b5 32. Bc5+ Kd7
33. b4 Kc6 34. Bf8 Kd5 35. Bxg7 Kc4 36. a3 Kb3 37. Bxh6 Kxa3 38. Bf8 1-0

[Event "Tournoi Skype 029B"]
[Site "Skype"]
[Date "????.??.??"]
[Round "9.40"]
[White "Ortis, Yves"]
[Black "Torres, Vicky"]
[Result "0-1"]
[WhiteElo "1096"]
[BlackElo "1020"]
[PlyCount "60"]

1. e4 c5 2. Ne2 d6 3. Nbc3 e5 4. Nd5 Be6 5. Nec3 Nc6 6. Nb5 Bxd5 7. exd5 Nb4 8.
Bc4 Nf6 9. Qf3 Be7 10. a3 Nxc2+ 11. Ke2 Nxa1 12. Qc3 a6 13. Nxd6+ Qxd6 14. b3
Nxd5 15. Qxa1 O-O 16. Bb2 Bf6 17. Qb1 Nf4+ 18. Kd1 Rad8 19. Bc3 e4 20. Kc2 Bxc3
21. b4 Qxd2+ 22. Kb3 b5 23. Qc2 Qxc2+ 24. Kxc2 Bd4 25. Ba2 Bxf2 26. g3 Nd3 27.
Bb1 cxb4 28. axb4 e3 29. Kc3 Ne5 30. h4 e2 0-1

[Event "Tournoi Skype 029B"]
[Site "Skype"]
[Date "????.??.??"]
[Round "9.41"]
[White "Bellati, Fabio"]
[Black "Montilla Bejarano, Carmen"]
[Result "1-0"]
[WhiteElo "1000"]
[BlackElo "1087"]
[PlyCount "23"]

1. c4 d5 2. cxd5 Qxd5 3. Nc3 Qa5 4. e4 e5 5. Nf3 Be6 6. d4 Nc6 7. d5 O-O-O 8.
Bd2 Bxd5 9. Nxd5 Rxd5 10. exd5 Qxd5 11. Qb3 Qe4+ 12. Qe3 1-0

[Event "Tournoi Skype 029B"]
[Site "Skype"]
[Date "????.??.??"]
[Round "9.43"]
[White "Lachin, Roberto"]
[Black "Schuh, David"]
[Result "1/2-1/2"]
[WhiteElo "1000"]
[BlackElo "1072"]
[PlyCount "117"]

1. e4 c5 2. Bc4 e5 3. Nf3 Nf6 4. d3 Nc6 5. c3 d6 6. h3 Be7 7. O-O O-O 8. Bg5 h6
9. Bh4 b6 10. Bd5 Qd7 11. Nh2 Nxd5 12. exd5 Bxh4 13. dxc6 Qxc6 14. c4 Bb7 15.
f3 Rfe8 16. Nc3 a6 17. Ng4 b5 18. b3 f5 19. Ne3 g6 20. Ned5 bxc4 21. bxc4 a5
22. Qb3 a4 23. Qb5 a3 24. Rab1 Qxb5 25. Nxb5 Bxd5 26. Nc7 e4 27. Nxe8 Bc6 28.
Nc7 Ra7 29. Nd5 exf3 30. Rxf3 Rf7 31. g3 Bd8 32. Re1 h5 33. Rfe3 Rf8 34. Re6 h4
35. Rxg6+ Kh7 36. Rxd6 Bxd5 37. Rxd5 Ba5 38. Re7+ Kg6 39. gxh4 Kh5 40. Rh7+ Kg6
41. Rdd7 Bc3 42. h5+ Kg5 43. Rdg7+ Kf4 44. Kg2 Bxg7 45. Rxg7 Rd8 46. Rg3 Rb8
47. Rf3+ Ke5 48. Rf2 f4 49. Kf3 Kd4 50. Kxf4 Kxd3 51. h6 Kxc4 52. Ke5 Rh8 53.
Rf3 Kb4 54. Rb3+ Ka4 55. Kd5 Rxh6 56. Kxc5 Rh5+ 57. Kc4 Rh4+ 58. Kc5 Rh5+ 59.
Kc4 1/2-1/2

[Event "Tournoi Skype 029B"]
[Site "Skype"]
[Date "????.??.??"]
[Round "9.44"]
[White "Crocioni, Luca"]
[Black "Ladeia Pereira, Geraldo"]
[Result "0-1"]
[WhiteElo "1068"]
[BlackElo "1000"]
[PlyCount "98"]

1. c4 c5 2. Nc3 e6 3. d3 Be7 4. Bf4 Nf6 5. Nf3 O-O 6. e4 d6 7. Qd2 a6 8. d4 Qc7
9. dxc5 Qxc5 10. Be3 Qc7 11. Bd3 Nc6 12. O-O Ne5 13. Nxe5 dxe5 14. Bg5 Rd8 15.
Bxf6 Bxf6 16. Qe3 Qe7 17. Rad1 Bg5 18. Qf3 b6 19. Ne2 Ra7 20. Qg3 Bf6 21. f4
Qd6 22. Kh1 Bd7 23. f5 b5 24. b3 Qa3 25. Bb1 bxc4 26. fxe6 Bc6 27. Rxd8+ Bxd8
28. Rxf7 Rxf7 29. exf7+ Kxf7 30. Qxe5 Qe7 31. Qf5+ Kg8 32. Nd4 Qd6 33. Qf2 Bb6
34. Qd2 Qxd4 35. Qxd4 Bxd4 36. bxc4 g6 37. h4 Kf7 38. g4 h6 39. Kg2 Ke6 40. Kf3
Ke5 41. Bd3 Bc5 42. a4 Bxa4 43. h5 g5 44. Be2 Kd4 45. e5 Kxe5 46. Bd3 Kd4 47.
Be2 Bb3 48. Kg3 a5 49. Bf3 a4 0-1

[Event "Tournoi Skype 029B"]
[Site "Skype"]
[Date "????.??.??"]
[Round "9.46"]
[White "Hernandez, Ivan"]
[Black "Milanese, Serge"]
[Result "0-1"]
[WhiteElo "1022"]
[BlackElo "1202"]
[PlyCount "54"]

1. e4 e5 2. Nf3 Nc6 3. Bb5 Nf6 4. Qe2 a6 5. Bxc6 dxc6 6. O-O Bg4 7. h3 Bh5 8.
c3 Bd6 9. Rd1 O-O 10. d4 Qe7 11. g4 Bg6 12. Nxe5 Bxe5 13. dxe5 Qxe5 14. Bf4
Qxf4 15. e5 Rfe8 16. Rd4 Qc1+ 17. Rd1 Qh6 18. Nd2 Qxh3 19. f3 Qg3+ 20. Kf1 Rxe5
21. Ne4 Nxe4 22. fxe4 Bxe4 23. Rd4 Qh3+ 24. Kf2 Qg2+ 25. Ke3 Bf3+ 26. Re4 Qxe2+
27. Kd4 Qxe4# 0-1

[Event "Tournoi Skype 029B"]
[Site "Skype"]
[Date "????.??.??"]
[Round "9.47"]
[White "Ramirez, Luis Antonio"]
[Black "Rosenkoetter, David"]
[Result "0-1"]
[WhiteElo "1017"]
[BlackElo "1165"]
[PlyCount "76"]

1. d4 Nf6 2. Nf3 e6 3. e3 c5 4. c3 d5 5. Nbd2 Qc7 6. Bd3 c4 7. Bc2 Bd6 8. g3
O-O 9. O-O b5 10. a3 Bb7 11. Re1 Nbd7 12. Ng5 h6 13. Nh7 Nxh7 14. Bxh7+ Kxh7
15. Qc2+ g6 16. Nf3 f6 17. Nh4 Rg8 18. f4 e5 19. fxe5 fxe5 20. Qf2 Raf8 21. Nf3
e4 22. Qd2 exf3 23. Kf2 Nf6 24. Kxf3 Ne4+ 25. Ke2 Rf2+ 26. Kd1 Nxd2 27. Bxd2
Rxh2 28. Kc2 Bxg3 29. Rf1 Rf2 30. Rg1 Re8 31. Rae1 Bc8 32. Kd1 Bg4+ 33. Kc1 Re2
34. Ref1 Kg7 35. Rh1 Qd6 36. e4 h5 37. Bf4 Bxf4+ 38. Kb1 dxe4 0-1

[Event "Tournoi Skype 029B"]
[Site "Skype"]
[Date "????.??.??"]
[Round "9.48"]
[White "Huerta Lopez, Cesar Rogelio"]
[Black "Hernandez, Enrique"]
[Result "1-0"]
[WhiteElo "1000"]
[BlackElo "1128"]
[PlyCount "67"]

1. e4 e5 2. Nf3 d6 3. Be2 Nf6 4. Nc3 Bg4 5. h3 Bh5 6. d3 Bxf3 7. Bxf3 c6 8. Bg5
Be7 9. Bxf6 Bxf6 10. O-O Nd7 11. Re1 O-O 12. Ne2 d5 13. d4 exd4 14. Nxd4 Bxd4
15. Qxd4 Nf6 16. e5 Nd7 17. Bg4 Qb6 18. Qxb6 Nxb6 19. Rad1 Nc4 20. e6 fxe6 21.
Bxe6+ Kh8 22. b3 Nd6 23. f3 Rf6 24. Bd7 Rd8 25. Re7 Nb5 26. Rde1 Rff8 27. R1e5
Nd4 28. c3 Nb5 29. c4 dxc4 30. bxc4 Na3 31. Re4 Nc2 32. a4 c5 33. Re8 Rxd7 34.
Rxf8# 1-0

[Event "Tournoi Skype 029B"]
[Site "Skype"]
[Date "????.??.??"]
[Round "9.50"]
[White "Parravano, Luca"]
[Black "Tolaro, Filippa"]
[Result "1-0"]
[WhiteElo "1000"]
[BlackElo "1086"]
[PlyCount "145"]

1. d4 d5 2. Nf3 Bf5 3. Bf4 Nf6 4. e3 e6 5. h3 c5 6. c3 Bd6 7. Ne5 O-O 8. Nd2
Nc6 9. Ndf3 cxd4 10. exd4 Be4 11. Nxc6 bxc6 12. Ne5 Qc7 13. f3 Bf5 14. Bd3 Bxd3
15. Qxd3 Rab8 16. O-O-O c5 17. dxc5 Qxc5 18. Be3 Qc7 19. Ng4 Nxg4 20. hxg4 f5
21. g5 Bf4 22. Bxf4 Qxf4+ 23. Qd2 Qxd2+ 24. Rxd2 g6 25. Re1 Rfe8 26. f4 a5 27.
a4 Rbc8 28. Kc2 Kf7 29. b3 Red8 30. Kb2 Rd6 31. b4 Rb8 32. Kc2 axb4 33. cxb4
Rxb4 34. Ra1 Rc4+ 35. Kd3 Ra6 36. a5 Rxf4 37. Rb2 Ra8 38. Rb7+ Kg8 39. a6 Rc4
40. a7 Rcc8 41. Rab1 Rf8 42. Kd4 f4 43. Kc5 Rac8+ 44. Kb6 Rf5 45. Rb8 Rff8 46.
Kb7 Rcd8 47. a8=Q Rxb8+ 48. Qxb8 Rxb8+ 49. Kxb8 Kg7 50. Rb7+ Kf8 51. Rxh7 Kg8
52. Re7 d4 53. Rxe6 Kf7 54. Rd6 d3 55. Rxd3 Ke6 56. Ra3 Kf5 57. Ra5+ Kg4 58.
Kc7 Kg3 59. Ra2 Kg4 60. Kd6 Kxg5 61. Ke5 Kg4 62. Ke4 g5 63. Ra3 Kh4 64. Kf5 f3
65. Rxf3 g4 66. Rf4 Kg3 67. Rxg4+ Kf2 68. Kf4 Kg1 69. Kf3 Kf1 70. Re4 Kg1 71.
Kg3 Kf1 72. Re5 Kg1 73. Re1# 1-0

[Event "Tournoi Skype 029B"]
[Site "Skype"]
[Date "????.??.??"]
[Round "9.51"]
[White "Sosa, Aldo"]
[Black "Dib, Catherine"]
[Result "0-1"]
[WhiteElo "1000"]
[BlackElo "1052"]
[PlyCount "52"]

1. e4 c5 2. Nf3 d6 3. Nc3 a6 4. d4 cxd4 5. Nxd4 Nf6 6. Bf4 e5 7. Nf5 exf4 8.
Nxd6+ Bxd6 9. Bc4 O-O 10. O-O Nc6 11. Re1 Re8 12. a3 Bg4 13. f3 Be6 14. Bxe6
Rxe6 15. b4 b5 16. Nd5 Rc8 17. Rc1 Ne5 18. Nxf4 Re8 19. Qd2 Nc4 20. Qd3 Bxf4
21. Qxd8 Rcxd8 22. Ra1 Ne3 23. Re2 Rc8 24. Ra2 Rcd8 25. g3 Rd1+ 26. Kf2 Rf1#
0-1

[Event "Tournoi Skype 029B"]
[Site "Skype"]
[Date "????.??.??"]
[Round "9.52"]
[White "Guillen Andrinal, Pablo"]
[Black "Nakamura, Seiichi"]
[Result "0-1"]
[WhiteElo "1024"]
[BlackElo "1005"]
[PlyCount "78"]

1. e4 c6 2. Nf3 d5 3. d3 dxe4 4. dxe4 Qxd1+ 5. Kxd1 Bg4 6. Be2 e6 7. h3 Bxf3 8.
Bxf3 Nf6 9. Nd2 Bc5 10. Rf1 O-O 11. h4 Rd8 12. c3 Nbd7 13. b4 Bb6 14. g4 h6 15.
g5 hxg5 16. hxg5 Nh7 17. Ke2 Nxg5 18. a4 Ne5 19. a5 Bc7 20. Bb2 Nexf3 21. Nxf3
Nxf3 22. Kxf3 a6 23. Rfd1 f6 24. Rxd8+ Rxd8 25. Ba3 Be5 26. Rb1 Rd3+ 27. Ke2
Rxc3 28. Bb2 Rc2+ 29. Kd1 Rxf2 30. Bxe5 fxe5 31. Kc1 Rf1+ 32. Kc2 Rxb1 33. Kxb1
g5 34. Kc1 Kg7 35. Kd2 Kg6 36. Ke2 g4 37. Kf2 Kg5 38. Kg3 Kh5 39. b5 cxb5 0-1

[Event "Tournoi Skype 029B"]
[Site "Skype"]
[Date "????.??.??"]
[Round "9.53"]
[White "Rodriguez Tovar, Liliana"]
[Black "Ibanez, Bittor"]
[Result "0-1"]
[WhiteElo "1036"]
[BlackElo "1330"]
[PlyCount "88"]

1. d4 c5 2. c3 Nf6 3. Nf3 Nc6 4. e3 g6 5. Bd3 cxd4 6. exd4 Bg7 7. Nbd2 O-O 8.
Ne4 d5 9. Nxf6+ exf6 10. Be3 Re8 11. h4 Bg4 12. Qd2 Bxf3 13. gxf3 h5 14. O-O-O
Rc8 15. f4 Qa5 16. Kb1 b5 17. Rc1 b4 18. c4 f5 19. cxd5 Qxd5 20. Bc4 Qe4+ 21.
Ka1 Kf8 22. Bxf7 Kxf7 23. Rhe1 Qd5 24. Rc5 Qd6 25. Rec1 Bxd4 26. Bxd4 Nxd4 27.
Rxc8 Nb3+ 28. axb3 Qxd2 29. R8c7+ Re7 30. R7c2 Qxf4 31. Rc4 Qd2 32. R1c2 Re1+
33. Ka2 Qd6 34. Rc7+ Re7 35. R7c6 Qd8 36. Ra6 Rb7 37. Rc4 Qd5 38. Rcc6 Qg2 39.
Rf6+ Kg7 40. Rad6 Rf7 41. Rfe6 f4 42. Rxg6+ Qxg6 43. Rxg6+ Kxg6 44. f3 Re7 0-1

[Event "Tournoi Skype 029B"]
[Site "Skype"]
[Date "????.??.??"]
[Round "9.54"]
[White "Codina, Teresa"]
[Black "Achicanoy, Yolanda"]
[Result "1-0"]
[WhiteElo "1310"]
[BlackElo "1000"]
[PlyCount "59"]

1. d4 d5 2. Nf3 Nf6 3. e3 e6 4. Bd3 Bd6 5. b3 Nc6 6. Bb2 e5 7. dxe5 Bxe5 8.
Nxe5 Ne7 9. Nd2 O-O 10. O-O Bd7 11. Nxd7 Qxd7 12. Nf3 c5 13. c4 d4 14. exd4
cxd4 15. Nxd4 Qd6 16. h3 Qe5 17. Qc2 h6 18. Nf3 Qd6 19. Rfe1 Rfe8 20. Rad1 Rac8
21. Bh7+ Nxh7 22. Rxd6 Rc7 23. Qd2 Kf8 24. Qf4 g5 25. Qd4 f6 26. h4 Kf7 27.
hxg5 hxg5 28. Nxg5+ Nxg5 29. Qxf6+ Kg8 30. Qg7# 1-0

[Event "Tournoi Skype 029B"]
[Site "Skype"]
[Date "????.??.??"]
[Round "9.56"]
[White "Maccaferri, Massimo"]
[Black "Teixeira De Queiroz, Glaucia"]
[Result "1-0"]
[WhiteElo "1074"]
[BlackElo "1000"]
[PlyCount "25"]

1. e4 d6 2. d4 g6 3. Nf3 Bg7 4. e5 c6 5. Bc4 Nd7 6. Ng5 Qa5+ 7. Bd2 Qc7 8. Nxf7
dxe5 9. dxe5 Nxe5 10. Bf4 Qa5+ 11. b4 Qxb4+ 12. c3 Qxc4 13. Qd8+ 1-0

[Event "Tournoi Skype 029B"]
[Site "Skype"]
[Date "????.??.??"]
[Round "9.57"]
[White "Vasquez Donaire, Ivis Godofredo"]
[Black "Santamaria Garcia, Jesus"]
[Result "1-0"]
[WhiteElo "1000"]
[BlackElo "1041"]
[PlyCount "57"]

1. e4 e5 2. Nf3 Nc6 3. Bb5 Nge7 4. O-O a6 5. Ba4 b5 6. Bb3 h6 7. d3 d6 8. c3
Na5 9. Bc2 c5 10. b4 cxb4 11. cxb4 Nac6 12. a4 Bb7 13. axb5 axb5 14. Rxa8 Qxa8
15. Nc3 Nxb4 16. Nxb5 Qa5 17. Nxd6+ Kd7 18. Nxb7 Qc7 19. Ba4+ Nec6 20. Bxc6+
Qxc6 21. Nxe5+ Kc7 22. Nxc6 Kxc6 23. Nd8+ Kd7 24. Nxf7 Ke6 25. Qf3 Nxd3 26.
Qf5+ Ke7 27. Bg5+ hxg5 28. Rd1 Nc5 29. Nxh8 1-0

[Event "Tournoi Skype 029B"]
[Site "Skype"]
[Date "????.??.??"]
[Round "9.58"]
[White "Barajas, Nestor"]
[Black "Trapletti, Cosetta"]
[Result "1-0"]
[WhiteElo "1000"]
[BlackElo "1000"]
[PlyCount "55"]

1. e4 e5 2. Nf3 Nc6 3. Bc4 Nf6 4. O-O Bc5 5. c3 O-O 6. d4 d5 7. exd5 Nxd5 8.
dxc5 Be6 9. Bg5 f6 10. Bh4 Bf5 11. Bxd5+ Kh8 12. c4 Nb4 13. Bxb7 Rb8 14. Bd5
Nc2 15. Nc3 Nxa1 16. Qxa1 Bd3 17. Re1 Re8 18. b3 Rc8 19. Qd1 Bf5 20. Nxe5 Qd7
21. Nxd7 Re7 22. Rxe7 c6 23. Bf3 Rc7 24. Bg4 Bg6 25. Qd4 h5 26. Bf3 a5 27. Bxf6
gxf6 28. Qxf6+ 1-0

[Event "Tournoi Skype 029B"]
[Site "Skype"]
[Date "????.??.??"]
[Round "9.59"]
[White "Fuentes, Francisco"]
[Black "Schnell, Nicolas"]
[Result "1-0"]
[WhiteElo "1000"]
[BlackElo "1003"]
[PlyCount "79"]

1. e4 e5 2. Nf3 Nc6 3. Bc4 Bc5 4. O-O Be7 5. g3 Nf6 6. Re1 d6 7. c3 O-O 8. d4
Qd7 9. Nbd2 Ng4 10. d5 Nxh2 11. Nf1 Ng4 12. dxc6 bxc6 13. Ne3 Nf6 14. Nf5 Re8
15. Nxe5 Qd8 16. Nxc6 Ba6 17. Nxd8 Bxc4 18. Nc6 Bd8 19. e5 dxe5 20. Nxe5 c6 21.
Nxc4 Ne4 22. Be3 Rb8 23. Bc5 Nxc5 24. Nfd6 Re7 25. Nf5 g6 26. Nxe7+ Bxe7 27.
Rxe7 Ne6 28. Qf3 Rf8 29. Nd6 f5 30. Rxe6 Kg7 31. Qxc6 g5 32. Qd7+ Kg8 33. Rae1
f4 34. g4 f3 35. Re7 h6 36. Qe6+ Kh8 37. Nf7+ Kg7 38. Nxh6+ Kh8 39. Qe5+ Rf6
40. Qxf6# 1-0

[Event "Tournoi Skype 029B"]
[Site "Skype"]
[Date "????.??.??"]
[Round "9.62"]
[White "Wildt, Gerti"]
[Black "Grib, Jessica"]
[Result "0-1"]
[WhiteElo "1000"]
[BlackElo "1000"]
[PlyCount "82"]

1. d4 d6 2. Nf3 Nd7 3. Bf4 f6 4. Nbd2 e5 5. dxe5 dxe5 6. Bg3 Bc5 7. e3 b5 8.
Bxb5 a6 9. Bc6 Rb8 10. Nc4 Ne7 11. Bxd7+ Bxd7 12. O-O O-O 13. Re1 Rb4 14. Na5
Rb5 15. Nc4 Nc6 16. a4 Rb4 17. b3 e4 18. Nfd2 Bf5 19. Qh5 Qd5 20. Rad1 Ba7 21.
Bxc7 Rb7 22. Bg3 h6 23. h3 Nb4 24. Bd6 Rd8 25. Bxb4 Rxb4 26. g4 Be6 27. Qxd5
Bxd5 28. Nf1 Rb7 29. Ng3 Rbd7 30. Ne5 fxe5 31. Nf5 Kh7 32. c4 Be6 33. Rd6 Rxd6
34. Nxd6 Rxd6 35. c5 Bxc5 36. Rf1 Bxb3 37. a5 Rd2 38. Kh2 Bxe3 39. Kg3 Bf4+ 40.
Kh4 g5+ 41. Kh5 Bf7# 0-1

[Event "Tournoi Skype 029B"]
[Site "Skype"]
[Date "????.??.??"]
[Round "9.64"]
[White "Da Silva, Jussara Maria"]
[Black "Schllosser, Marcos Antonio"]
[Result "1-0"]
[WhiteElo "1000"]
[BlackElo "1000"]
[PlyCount "41"]

1. e4 e5 2. Nf3 Nc6 3. Bc4 Bc5 4. d3 d6 5. c3 Nf6 6. h3 h6 7. O-O O-O 8. Nbd2
Qd7 9. b4 Bb6 10. a4 a5 11. b5 Ne7 12. Nh4 c6 13. Re1 d5 14. Bb3 Re8 15. Nf1
cxb5 16. Qf3 bxa4 17. Bc2 Bc5 18. Bxh6 g6 19. Ng3 Nc6 20. Qxf6 Kh7 21. Qg7# 1-0

[Event "Tournoi Skype 029B"]
[Site "Skype"]
[Date "????.??.??"]
[Round "9.65"]
[White "Mendoza Oporta, Esmerling Antonio"]
[Black "Mantelli Filho, Artur"]
[Result "1-0"]
[WhiteElo "1000"]
[BlackElo "1000"]
[PlyCount "49"]

1. e4 e5 2. Nf3 Nc6 3. Bc4 Bc5 4. Nc3 Nf6 5. d3 d6 6. h3 Ne7 7. Bg5 h6 8. Bxf6
gxf6 9. O-O Bxh3 10. gxh3 Ng6 11. Nd5 Qd7 12. Nxf6+ Ke7 13. Nxd7 Kxd7 14. c3
Rad8 15. d4 Bb6 16. dxe5 Kc8 17. e6 Nf4 18. Kh2 Rhg8 19. Rg1 Rxg1 20. Qxg1 Rf8
21. exf7 h5 22. Ng5 d5 23. exd5 h4 24. Qg4+ Kb8 25. Qxf4 1-0

[Event "Tournoi Skype 029B"]
[Site "Skype"]
[Date "????.??.??"]
[Round "9.66"]
[White "Molina, Maria Lucia"]
[Black "Cassano, Mariangela"]
[Result "1-0"]
[WhiteElo "1000"]
[BlackElo "1000"]
[PlyCount "75"]

1. e4 e5 2. Nf3 Nf6 3. Bc4 Bc5 4. c3 O-O 5. O-O c6 6. a4 d6 7. d3 b6 8. Qb3 Ba6
9. Ng5 h6 10. Ne6 fxe6 11. Bxe6+ Kh8 12. Nd2 Qe7 13. Nf3 Bxd3 14. Rd1 Ba6 15.
h4 Nxe4 16. Bf5 Rxf5 17. Re1 d5 18. Qd1 Bd6 19. b4 b5 20. g4 Rxf3 21. Qxf3 Nxc3
22. Qxc3 d4 23. Qf3 Nd7 24. Qxc6 Rb8 25. Qxa6 Qxh4 26. Qxd6 Qxg4+ 27. Kf1 Rf8
28. Re2 Qxe2+ 29. Kxe2 Rf4 30. Bxf4 exf4 31. Qxd7 d3+ 32. Qxd3 f3+ 33. Kxf3 h5
34. Rh1 g5 35. Rxh5+ Kg8 36. Qd7 bxa4 37. Rh7 a3 38. Qd8+ 1-0